Legal implications for landowners in the development of new coalfields (Record no. 44204)

MARC details
000 -LEADER
fixed length control field 00894cab a2200205 4500
001 - CONTROL NUMBER
control field ABS33158
008 - FIXED-LENGTH DATA ELEMENTS--GENERAL INFORMATION
fixed length control field 090401t1984 xxu||||| |||| 00| 0 eng d
035 ## - SYSTEM CONTROL NUMBER
System control number (Sirsi) u70295
041 ## - LANGUAGE CODE
Language code of text/sound track or separate title eng
100 ## - MAIN ENTRY--PERSONAL NAME
Personal name Vincent, Peter
245 ## - TITLE STATEMENT
Title Legal implications for landowners in the development of new coalfields
260 ## - PUBLICATION, DISTRIBUTION, ETC.
Date of publication, distribution, etc. 1984
350 ## - PRICE (NR) (BK AM CF MU VM SE) [OBSOLETE]
Price 0
490 ## - SERIES STATEMENT
Series statement Law Society`s Gazette
Volume/sequential designation 81(21) 6 June 1984, 1589-1593(3)
520 ## - SUMMARY, ETC.
Summary, etc. Recent developments in the coal industry are likely to lead to a resurgence of legal and mineral activity in the near future. This article outlines the history of coal mining legislation from the Coal (Regulation of Ownership) Act 1937 to the Coal Industry Act 1975 and also stresses that time is now running against certain valuable copyhold interests.
650 ## - SUBJECT ADDED ENTRY--TOPICAL TERM
Topical term or geographic name entry element MINERAL VALUATION
690 ## - LOCAL SUBJECT ADDED ENTRY--TOPICAL TERM (OCLC, RLIN)
Topical term or geographic name as entry element MINING AND MINERALS
942 ## - ADDED ENTRY ELEMENTS (KOHA)
Suppress in OPAC 0
948 ## - LOCAL PROCESSING INFORMATION (OCLC); SERIES PART DESIGNATOR (RLIN)
c (OCLC) 04/03/1997
Holdings
Withdrawn status Lost status Source of classification or shelving scheme Damaged status Not for loan Home library Current library Shelving location Date acquired Total Checkouts Full call number Barcode Date last seen Copy number Price effective from Koha item type
    Dewey Decimal Classification     London London Journal article 14/09/1999   ABS33158 70295-1001 06/08/2019 1 06/08/2019 Journal article